Statistiche per Nomi italiani di città straniere - Europa del Nord

Clicka qui per fare il quiz!

Statistiche generali

  • Questo quiz è stato fatto 78 volte
  • Il punteggio medio è 5 su 6

Statistiche sulle risposte

Nome localeNome italiano% Corretto
Dublin (Irlanda)Dublino
98%
London (Regno Unito)Londra
97%
Edinburgh (Regno Unito)Edimburgo
92%
Stockholm (Svezia)Stoccolma
92%
Kobenhavn (Danimarca)Copenaghen
84%
Goteborg (Svezia)Gotemburgo
31%

Distribuzione punteggi

Percentile per numero di risposta

Percentuale di utenti per punteggio

I tuoi punteggi nel tempo

Non hai fatto questo quiz